<?xml version="1.0" encoding="UTF-8"?>
<record
    xmlns:xsi="http://www.w3.org/2001/XMLSchema-instance"
    xsi:schemaLocation="http://www.loc.gov/MARC21/slim http://www.loc.gov/standards/marcxml/schema/MARC21slim.xsd"
    xmlns="http://www.loc.gov/MARC21/slim">

  <leader>00559cam a22001931  4500</leader>
  <controlfield tag="001">g  01002108 </controlfield>
  <controlfield tag="003">DLC</controlfield>
  <controlfield tag="005">20260227111257.0</controlfield>
  <controlfield tag="008">810429s1896    gw a          000 1 ger  </controlfield>
  <datafield tag="010" ind1=" " ind2=" ">
    <subfield code="a">g  01002108 </subfield>
  </datafield>
  <datafield tag="035" ind1=" " ind2=" ">
    <subfield code="a">(OCoLC)7373561</subfield>
  </datafield>
  <datafield tag="040" ind1=" " ind2=" ">
    <subfield code="a">DLC</subfield>
    <subfield code="c">OCoLC</subfield>
    <subfield code="d">OCoLC</subfield>
    <subfield code="d">DLC</subfield>
  </datafield>
  <datafield tag="042" ind1=" " ind2=" ">
    <subfield code="a">premarc</subfield>
  </datafield>
  <datafield tag="050" ind1="0" ind2="0">
    <subfield code="a">PT2356</subfield>
    <subfield code="b">.V3 1896</subfield>
  </datafield>
  <datafield tag="100" ind1="1" ind2=" ">
    <subfield code="a">Heyse, Paul,</subfield>
    <subfield code="d">1830-1914.</subfield>
  </datafield>
  <datafield tag="245" ind1="1" ind2="0">
    <subfield code="a">Verrathenes Gl&#xFC;ck.</subfield>
    <subfield code="b">Emerenz. Zwei Geschichten.</subfield>
    <subfield code="c">Illustriert von C. Zopf.</subfield>
  </datafield>
  <datafield tag="260" ind1=" " ind2=" ">
    <subfield code="a">Stuttgart,</subfield>
    <subfield code="b">C. Krabbe</subfield>
    <subfield code="c">[1896]</subfield>
  </datafield>
  <datafield tag="300" ind1=" " ind2=" ">
    <subfield code="a">2 p. l., 131 p.</subfield>
    <subfield code="b">illus.</subfield>
    <subfield code="c">19 cm.</subfield>
  </datafield>
  <datafield tag="999" ind1=" " ind2=" ">
    <subfield code="c">23912</subfield>
    <subfield code="d">23912</subfield>
  </datafield>
</record>
